00655nam a22002297a 450000500170000001000310001702000260004802000150007403500130008903500170010203500130011903700130013203700210014503700220016608200080018810000170019624500890021325000120030226000380031427000420035230000310039420181023132732.0 aENG-98559 B-710628 a9780070704817c450.00 a0070704813 aEN-82092 aB-424651-655 aB-710628 bDBAD/PUB bBlueberry Books  bTata Mc Graw Hill a000 aSharma, Arun aHow to prepare for data interpretation & logical reasoning for CAT /cby Arun Sharma a5th ed. aNew DelhibTata McGraw Hillc2011 a7 West Patel NagarbNew Delhie110008 avarious pagingsc27cm(pbk)